000 00836nam a22002657i 4500
003 EG-ScBUE
005 20251126092738.0
008 200219s1995 enk f b 001 0 eng d
020 _a9780415124706
020 _a0415124700
040 _aEG-ScBUE
_beng
_erda
_cEG-ScBUE
_dEG-ScBUE
082 0 4 _a306
_222
_bSTR
100 1 _aStrinati , Dominic,
_eauthor.
245 1 3 _aAn introduction to theories of popular culture /
_cDominic Strinati.
264 1 _aLondon :
_bRoutledge,
_c1995.
300 _axviii, 301 pages ;
_c24 cm
336 _atext
_2rdacontent
_btxt
337 _aunmediated
_2rdamedia
_bn
338 _avolume
_2rdacarrier
_bnc
504 _aIncludes bibliographical references and index.
650 7 _aPopular culture.
_2BUEsh
655 _vReading book
942 _2ddc
_cBB
999 _c31012
_d30983